• 首页
  • 本馆介绍
  • 公告通知
  • 最新文献
  • 馆藏检索
  • 电子资源
  • 读者导购
  • 参考咨询
  • 我的图书馆
  • 登录
  • 详细信息显示
  • 放入我的书架
  • 预约/预借图书
  • 作者相关作品
  • 分类相关作品
  • 丛书相关作品
  • 出版社相关作品

书目信息

  • 表格格式
  • 工作单格式
  • 卡片格式
题名:
城市文化的视觉传播
    
 
作者: 张鑫 著
分册:  
出版信息: 武汉   武汉大学出版社  2016
页数: 185页
开本: 21cm
丛书名:
单 册:
中图分类: U231
科图分类:
主题词: 地下铁道--di xia tie dao--视觉设计
电子资源:
ISBN: 978-7-307-18669-9
000 01073nam0 22002531 450
001 0122100638
005 20170322100638.0
010    @a978-7-307-18669-9@dCNY28.00
100    @a20161219d2016 em y0chiy50 ea
101 0  @achi
102    @aCN@b420000
105    @aab z 000yy
106    @ar
200 1  @a城市文化的视觉传播@9cheng shi wen hua de shi jue chuan bo@e城市地铁中的视觉传达设计@dVisual communication design in urban subway@f张鑫著@zeng
210    @a武汉@c武汉大学出版社@d2016
215    @a185页@c图,地图@d21cm
330    @a本书以导向系统设计中的有关理论知识──视觉传达设计在地铁导向系统中的应用策略——在地铁导向系统中视觉元素应用的实践案例为主轴线,并通过课题研究为今后有关部门对地铁导向系统的设计提供切实可行的理论依据。
510 1  @aVisual communication design in urban subway@zeng
517 1  @a城市地铁中的视觉传达设计@9cheng shi di tie zhong de shi jue chuan da she ji
606 0  @a地下铁道@9di xia tie dao@x视觉设计
690    @aU231@v5
701  0 @a张鑫@9zhang xin@4著
801  0 @aCN@bTANGWEI@c20170308
905    @b0958518-21@dU231@e357@f4
    
    城市文化的视觉传播:城市地铁中的视觉传达设计=Visual communication design in urban subway/张鑫著.-武汉:武汉大学出版社,2016
    185页:图,地图;21cm
    
    
    ISBN 978-7-307-18669-9:CNY28.00
    本书以导向系统设计中的有关理论知识──视觉传达设计在地铁导向系统中的应用策略——在地铁导向系统中视觉元素应用的实践案例为主轴线,并通过课题研究为今后有关部门对地铁导向系统的设计提供切实可行的理论依据。
●
相关链接 在E读中查询图书 在五车中查询图书 在当当中查询图书 在豆瓣中查询图书


正题名:城市文化的视觉传播     索取号:U231/357         预约/预借

序号 登录号 条形码 馆藏地/架位号 状态 备注
1 0958518   209585180   第二样本阅览室/ [索取号:U231/357] 在馆    
2 0958519   209585199   第三借阅区/ [索取号:U231/357] 在馆    
3 0958520   209585206   第三借阅区/ [索取号:U231/357] 在馆    
4 0958521   209585215   第三借阅区/ [索取号:U231/357] 在馆    
唐山师范学院图书馆 欢迎您!
大连网信软件有限公司© 版权所有